000 00566nam a2200181Ia 4500
003 GCL
008 140319s9999 xx 000 0 ara d
040 _aGCL /
_cGCL
082 0 4 _a227
_bم ت
100 1 _aمحمد سيد طنطاوى
245 1 0 _aالتفسير الوسيط للقران الكريم /
_cمحمد سيد طنطاوى
300 _a391 ص
490 _aالهيئة العامة للاستعلامات
_v0
650 0 4 _aالاسلام
650 0 4 _aالقران - سور وايات
650 0 4 _aالقران - تفاسير
942 _2ddc
_cBK
999 _c49449
_d49449